Fundamentals of Machine Component Design (Record no. 610421)

000 -LEADER
fixed length control field 00442nam a22001577a 4500
020 ## - INTERNATIONAL STANDARD BOOK NUMBER
International Standard Book Number 997151401
040 ## - CATALOGING SOURCE
Transcribing agency Nust
082 ## - DEWEY DECIMAL CLASSIFICATION NUMBER
Classification number 621.815
Author Mark JUV
100 ## - MAIN ENTRY--PERSONAL NAME
Personal name Robert C. Juvinall
9 (RLIN) 55066
110 ## - MAIN ENTRY--CORPORATE NAME
Corporate name or jurisdiction name as entry element Kurt M. Marshek
9 (RLIN) 124612
245 ## - TITLE STATEMENT
Title Fundamentals of Machine Component Design
250 ## - EDITION STATEMENT
Edition statement 3ed Edition
260 ## - PUBLICATION, DISTRIBUTION, ETC.
Place of publication, distribution, etc. New Delhi:
Name of publisher, distributor, etc. John Wiley India,
Date of publication, distribution, etc. 2002.
650 ## - SUBJECT ADDED ENTRY--TOPICAL TERM
Topical term or geographic name entry element Fundamentals of Machine Component Design
9 (RLIN) 114247
942 ## - ADDED ENTRY ELEMENTS (KOHA)
Source of classification or shelving scheme
Koha item type Book
Holdings
Withdrawn status Lost status Source of classification or shelving scheme Damaged status Not for loan Permanent Location Current Location Shelving location Date acquired Total Checkouts Total Renewals Full call number Barcode Checked out Date last seen Date last checked out Price effective from Koha item type
          College of Electrical & Mechanical Engineering (CEME) College of Electrical & Mechanical Engineering (CEME) General Stacks 07/19/2024 2 1 621.815 JUV CEME- 40760 04/11/2026 03/12/2026 03/12/2026 07/19/2024 Book
© 2023 Central Library, National University of Sciences and Technology. All Rights Reserved.